[Event "Corbins Lleida Nadal op"]
[Site "Corbins"]
[Date "2023.12.27"]
[Round "1"]
[White "Pardina Mundo, Carles"]
[Black "Romeu Viladot, Emili"]
[Result "0-1"]
[WhiteElo "1523"]
[BlackElo "1979"]
[PlyCount "62"]
[EventDate "2023.12.27"]
[EventType "swiss"]
[EventRounds "8"]
[EventCountry "ESP"]
[SourceTitle "CB02_2024"]
[SourceDate "2024.01.10"]
[SourceVersion "1"]
[SourceVersionDate "2024.01.10"]
[SourceQuality "1"]

1. d4 Nf6 2. Nf3 e6 3. Bf4 c5 4. e3 b6 5. Nbd2 cxd4 6. exd4 Be7 7. Bd3 Ba6 8. Nc4 d5 9. Nce5 Bxd3 10. Qxd3 0-0 11. 0-0 Ne4 12. Nd2 f6 13. Nef3 f5 14. h3 Nc6 15. c3 Rc8 16. Ne5 Bg5 17. Nxc6 Rxc6 18. Bxg5 Qxg5 19. Nf3 Qh6 20. Ne5 Rc7 21. Rfe1 g5 22. Re3 Rg7 23. Qe2 Qh4 24. Rf1 g4 25. hxg4 fxg4 26. Rxe4 dxe4 27. Qxe4 Qh5 28. f4 g3 29. Nf3 Rg6 30. Re1 Rh6 31. Kf1 Qg4 0-1

[Event "Vallfogona de Balaguer Farre Mem 1st"]
[Site "Vallfogona de Balaguer"]
[Date "2022.05.07"]
[Round "3"]
[White "Pardina Mundo, Carles"]
[Black "Monell Camarasa, David"]
[Result "0-1"]
[WhiteElo "1537"]
[BlackElo "2126"]
[PlyCount "62"]
[EventDate "2022.04.23"]
[EventType "swiss"]
[EventRounds "8"]
[EventCountry "ESP"]
[SourceTitle "EXT 2023"]
[Source "ChessBase"]
[SourceDate "2022.10.05"]
[SourceVersion "1"]
[SourceVersionDate "2022.10.05"]
[SourceQuality "1"]

1. e4 d5 2. exd5 Qxd5 3. Nc3 Qd8 4. d4 Nf6 5. Nf3 Bg4 6. Be2 e6 7. a3 c6 8. 0-0 Nbd7 9. Re1 Bd6 10. Bg5 h6 11. Bh4 Qc7 12. h3 Bf5 13. g4 Bh7 14. Kg2 g5 15. Bg3 Bxg3 16. fxg3 0-0-0 17. Bd3 Rdg8 18. Bxh7 Rxh7 19. Ne5 h5 20. gxh5 Nxh5 21. Qd3 Rgh8 22. Ne4 f6 23. Nxd7 Rxd7 24. Nc5 Rxd4 25. Qe3 Qd6 26. Qxe6+ Qxe6 27. Nxe6 Rd2+ 28. Kf3 Rxc2 29. b4 Rc3+ 30. Re3 Rxe3+ 31. Kxe3 Re8 0-1